000 00983nam a22002897a 4500
999 _c5008
_d5008
003 AR-CdUCM
008 190311b ||||| |||| 00| 0 spa d
040 _aMUNICIPALIDAD PROVINCIAL DEL CUSCO
_cBIBLIOTECA MUNICIPAL DEL CUSCO
082 _a869.45 /
_bP3
110 _aUniversidad técnica de Oruro
_915313
245 _aPoetas Bolivianos /
246 _aConcurso Nacional de Poesía
260 _aOruro :
_b"Universitaria"- Oruro,
_c1966.
300 _a66 páginas ;
_c18 cm.
440 _aPoesía
_n : 4
_915314
500 _aDonación de la familia Nieto.
650 _aPoesía - Bolivia - Siglo XX
_915245
650 _aPoetas bolivianos
_915315
650 _aPoesía - Concurso - Bolivia
_915316
700 _aRodriguez Rivas, Julio
_915317
700 _aTeran Cabero, Antonio
_915318
700 _aMitre Canahuati, Eduardo
_915319
700 _aLópez Vidaurre, Reinaldo
_915320
700 _aRodo Aparicio, Martha
_915321
942 _2ddc
_cLIBROS
945 _alccs